Score 0/8 Timer 04:00
0 Plays Today
Country % Correct
Fiji
74.6%
Mali
62.7%
Belize
46.8%
Malawi
43.3%
Zambia
36.3%
Bahamas
34.3%
Zimbabwe
32.3%
Maldives
30.8%
Remove Ads.
Support Sporcle.
Get the best of Sporcle when you Go Orange. This ad-free experience offers more features, more stats, and more fun while also helping to support Sporcle. Thank you for becoming a member.

You're not logged in!

Compare scores with friends on all Sporcle quizzes.
OR
Log In

Show Comments

Extras

Top Quizzes Today


Score Distribution

Your Account Isn't Verified!

In order to create a playlist on Sporcle, you need to verify the email address you used during registration. Go to your Sporcle Settings to finish the process.

Report this User

Report this user for behavior that violates our Community Guidelines.

Details: